Holiday Quiz

Random Holiday or Lyrics Quiz

'Happy Xmas (War is Over)' Lyrics Quiz Stats

Quiz Updated Dec 25, 2017

Challenge
Share
Tweet
Embed
Score 0/196 Timer 06:00
25 Plays Today
% Correct
War
100%
(Happy
100%
is
100%
over,
100%
is
100%
over
100%
Happy
100%
Christmas,
100%
Christmas,
100%
Kyoko.
100%
it.
100%
if
100%
you
100%
Julian).
100%
(War
99.9%
want
99.9%
now).
99.9%
 
99.9%
 
99.9%
 
99.9%
 
99.9%
 
99.9%
 
99.9%
 
99.9%
Christmas
96.6%
Christmas.
96.6%
Christmas,
96.6%
Christmas
96.6%
Christmas,
96.6%
Christmas,
96.6%
Christmas,
96.6%
Christmas.
96.6%
Christmas
96.6%
A
96.2%
a
96.2%
a
96.2%
a
96.2%
A
96.2%
a
96.2%
a
96.2%
a
96.2%
A
96.2%
a
96.2%
a
96.2%
is
95.9%
is
95.9%
is
95.9%
is
95.9%
is
95.9%
and
95.3%
and
95.3%
I
95.3%
And
95.3%
and
95.3%
and
95.3%
and
95.3%
and
95.3%
and
95.3%
and
95.3%
and
95.3%
and
95.3%
And
95.3%
and
95.3%
And
95.3%
and
95.3%
and
95.3%
% Correct
and
95.3%
And
95.3%
And
95.3%
And
95.3%
year
92.9%
Year.
92.9%
Year.
92.9%
year
92.9%
Year.
92.9%
happy
92.9%
happy
92.9%
happy
92.9%
happy
92.9%
happy
92.9%
this
92.9%
this
92.9%
this
92.9%
this
92.9%
So
92.7%
so
92.7%
so
92.7%
so
92.7%
so
92.7%
so
92.7%
so
92.7%
new
92.6%
New
92.6%
New
92.6%
new
92.6%
New
92.6%
you
92.5%
you
92.5%
you
92.5%
Merry
88.7%
merry
88.7%
merry
88.7%
one
88.5%
one,
88.5%
one,
88.5%
one
88.5%
one,
88.5%
have
88.2%
have
88.2%
have
88.2%
have
88.2%
what
85.5%
what
85.5%
over,
85.2%
over,
85.2%
very
85.1%
very
85.1%
very
85.1%
hope
83.9%
hope
83.9%
hope
83.9%
hope
83.9%
hope
83.9%
done?
83.8%
done.
83.8%
The
82.9%
the
82.9%
the
82.9%
the
82.9%
the
82.9%
the
82.9%
the
82.9%
% Correct
The
82.9%
the
82.9%
the
82.9%
the
82.9%
good
82.6%
good
82.6%
good
82.6%
one,
82.5%
one,
82.5%
one,
82.5%
begun.
81.4%
begun.
81.4%
Another
81%
Another
80.9%
it's
80.9%
it's
80.9%
it's
80.9%
just
79.4%
just
79.4%
we
79.3%
We
79.3%
any
73.8%
any
73.8%
any
73.8%
Let's
73.4%
let's
73.4%
Let's
73.4%
Let's
73.4%
without
73.3%
without
73.3%
without
73.3%
old
73.3%
old
73.3%
fun.
72.2%
fun.
72.2%
fear.
72%
fear.
72%
fear.
72%
For
68.9%
young.
68.4%
young.
68.4%
For
62.7%
for
62.7%
For
62.7%
for
62.7%
For
62.7%
dear
59.8%
dear
59.8%
near
58.9%
near
58.9%
ones,
51.7%
white,
46.3%
black
45.9%
poor
43.6%
rich
43.1%
all
40.9%
red
35.4%
yellow
34.4%
fight.
29.4%
weak
27.3%
strong.
26.9%
stop
26.7%
long.
22.4%
road
20.6%

You're not logged in!

Compare scores with friends on all Sporcle quizzes.
Sign Up with Email
OR
Log In

You Might Also Like...

Show Comments

Extras

Top Quizzes Today


Score Distribution

Your Account Isn't Verified!

In order to create a playlist on Sporcle, you need to verify the email address you used during registration. Go to your Sporcle Settings to finish the process.